| 000 | 00657 a2200205 4500 | ||
|---|---|---|---|
| 000 | BKB | ||
| 001 | 145639 | ||
| 005 | 20200902170958.0 | ||
| 008 | |||
| 020 | _a9781412988995 | ||
| 082 |
_a658.15224 _bC67P |
||
| 100 | 1 | _aColey, Soraya M. | |
| 245 | 1 |
_aProposal writing : effective grantsmanship _cby Soraya M. Coley and Cynthia A. Scheinberg |
|
| 260 |
_aNew Delhi _bSage Publications _c2013 |
||
| 300 | _a134p. | ||
| 630 | _aSocial Work | ||
| 690 | _aProposal writing in human services; Social service; Nonprofit organizations | ||
| 700 |
_aScheinberg, Cynthia A. _b _c |
||
| 964 |
_a _bENG _c _d _e _f _g |
||
| 999 |
_c23165 _d23165 |
||